Countries with Unusually-Shaped Flags - Statistics

General Stats
  • This quiz has been taken 5,760 times
    5,750 since last reset
  • The average score is 3 of 5
Answer Stats
Flag Shape Country % Correct
Two Combined Right Triangles Nepal
97%
Square Switzerland
79%
Square Vatican City
47%
Elongated Rectangle Qatar
29%
Elongated Rectangle Sri Lanka
19%
No matching quizzes found
Score Distribution
Percent of People with Each Score
Percentile by Number Answered
Your Score History
You have not taken this quiz since the last reset